000 00576cam a22002053a 4500
001 45523
003 PGUSA
005 20140828084043.0
008 140428s2014||||xxu|||||s|||||000 | eng d
040 _aPGUSA
_beng
042 _adc
100 1 _aHarkins, E. F.
_q(Edward Francis)
245 1 0 _aFamous Authors (Men)
_h[electronic resource] /
_cE. F. Harkins
260 _bProject Gutenberg,
_c2014
506 _aPublic domain in the USA.
516 _aElectronic text
830 0 _aProject Gutenberg
_v45523
856 4 0 _uhttp://www.gutenberg.org/ebooks/45523
942 _cEB
999 _c274774
_d274774